000 00324nam a22001337a 4500
008 180309b xxu||||| |||| 00| 0 eng d
020 _a0697001342
041 _aeng
080 _a611
100 _a6
101 _aANA
245 _aLaboratory Manual to Accompany Human Anatomy and Physiology
_cHole, J.W
942 _2udc
_cBK
999 _c44632
_d44632